000 00375nam a2200169Ia 4500
003 0100
008 130307s9999 xx 000 0 und d
040 _cARRUPELIB
050 _aPN4121.B57
100 _aBorden, Richard Carmen
245 _aPublic speaking - as listeners like it!
260 _aNY
260 _bHarper
260 _c1935
300 _a111p
942 0 0 _01
999 _c85816
_d85816